| 000 | 01627nam a22004094a 4500 | ||
|---|---|---|---|
| 001 | ebr10313880 | ||
| 003 | CaPaEBR | ||
| 006 | m u | ||
| 007 | cr cn||||||||| | ||
| 008 | 051123s2006 mau sb 001 0 eng | ||
| 010 | _z 2005056710 | ||
| 015 |
_aGBA622885 _2bnb |
||
| 016 | 7 |
_z013402936 _2Uk |
|
| 020 | _z0674022173 (alk. paper) | ||
| 040 |
_aCaPaEBR _cCaPaEBR |
||
| 035 | _a(OCoLC)646678933 | ||
| 043 |
_aa-cc--- _aa-vt--- _aa-ko--- |
||
| 050 | 1 | 4 |
_aJQ1510 _b.W66 2006eb |
| 082 | 0 | 4 |
_a320.951 _222 |
| 100 | 1 | _aWoodside, Alexander. | |
| 245 | 1 | 0 |
_aLost modernities _h[electronic resource] : _bChina, Vietnam, Korea, and the hazards of world history / _cAlexander Woodside. |
| 260 |
_aCambridge, Mass. : _bHarvard University Press, _c2006. |
||
| 300 | _a142 p. | ||
| 490 | 0 | _aThe Edwin O. Reischauer lectures | |
| 500 | _a"The Edwin O. Reischauer lectures, 2001"--P. [i]. | ||
| 504 | _aIncludes bibliographical references (p. 119-133) and index. | ||
| 533 |
_aElectronic reproduction. _bPalo Alto, Calif. : _cebrary, _d2013. _nAvailable via World Wide Web. _nAccess may be limited to ebrary affiliated libraries. |
||
| 650 | 0 |
_aBureaucracy _zChina _xHistory. |
|
| 650 | 0 |
_aBureaucracy _zVietnam _xHistory. |
|
| 650 | 0 |
_aBureaucracy _zKorea _xHistory. |
|
| 651 | 0 |
_aChina _xPolitics and government. |
|
| 651 | 0 |
_aVietnam _xPolitics and government. |
|
| 651 | 0 |
_aKorea _xPolitics and government. |
|
| 655 | 7 |
_aElectronic books. _2local |
|
| 710 | 2 | _aebrary, Inc. | |
| 856 | 4 | 0 |
_uhttp://site.ebrary.com/lib/rucke/Doc?id=10313880 _zAn electronic book accessible through the World Wide Web; click to view |
| 999 |
_c164776 _d164776 |
||